[Event "3rd London Chess Classic"]
[Site "London ENG"]
[Date "2011.12.04"]
[Round "2"]
[White "Nakamura, Hi"]
[Black "Aronian, L."]
[Result "1-0"]
[WhiteElo "2758"]
[BlackElo "2802"]
[PlyCount "104"]
[EventDate "2011.12.03"]

1. d4 d5 2. c4 e6 3. Nc3 Be7 4. cxd5 exd5 5. Bf4 c6 6. e3 Bf5 7. Nge2 Nd7 8.
Ng3 Bg6 9. Be2 Nb6 10. Be5 Nf6 11. h4 h6 12. h5 Bh7 13. Bd3 O-O 14. Bxh7+ Kxh7
15. Qc2+ Kh8 16. Nf5 Nc4 17. b3 Nxe5 18. dxe5 Ng4 19. f4 Qd7 20. O-O-O f6 21.
e4 fxe5 22. Qe2 Nf6 23. Nh4 exf4 24. Ng6+ Kg8 25. Nxf8 Bxf8 26. exd5 cxd5 27.
Qd3 Rd8 28. Kb1 Bc5 29. Rhf1 Be3 30. g3 d4 31. gxf4 Qe7 32. Rde1 Rd7 33. Nd1
Nd5 34. Nxe3 dxe3 35. Rc1 Rd8 36. Qf5 Qe8 37. Rfe1 b6 38. a3 Kh8 39. Kb2 a5 40.
Rc4 Nf6 41. Qe5 Qf8 42. Qxe3 b5 43. Rd4 b4 44. a4 Rxd4 45. Qxd4 Nxh5 46. Re5
Nxf4 47. Rxa5 Ne6 48. Qd2 g5 49. Ra6 Qf6+ 50. Ka2 Qe5 51. Qb2 Qxb2+ 52. Kxb2
Nf4 1-0